000 00855nam a2200277Ia 4500
003 OSt
005 20220912144901.0
006 a|||||r|||| 00| 0
007 ta
008 220909b |||||||| |||| 00| 0 eng d
024 _a67804
037 _cTextual
040 _aCSL
_beng
_cCSL
041 _aeng
082 _aD65,8(b)92p1,N8, M8
100 _aGjessing S Ed.
111 _aEuropean conference on ecoop 88 object oriented programming (1988 : Norway)
245 0 _aProceeding on ecoop 88 object oriented programming
260 _aBerlin
_bSpringer- Verlag
_c1988
300 _a410p.
_ccm.
490 _aLecture notes in computer science; 322
650 _aComputer programming
700 _a Nygaard K Ed.
942 _hD65,8(b)92p1,N8, M8
_cTEXL
_2CC
999 _c18114
_d18114